ბათუმის შოთა რუსთაველის სახელმწიფო უნივერსიტეტის ბიბლიოთეკა

Психологичекская диагностика личности детей с задержкой психического развития. (ბიბ.ჩანაწერი № 44277)

000 -LEADER
fixed length control field 00901nam a2200253Ia 4500
001 - CONTROL NUMBER
control field 11035
003 - CONTROL NUMBER IDENTIFIER
control field GE_BSU
008 - FIXED-LENGTH DATA ELEMENTS--GENERAL INFORMATION
fixed length control field 181216s||||||||xx |||||||||||||| ||und||
020 ## - INTERNATIONAL STANDARD BOOK NUMBER
International Standard Book Number 9785893532784
040 ## - CATALOGING SOURCE
Transcribing agency GE_BSU
080 ## - UNIVERSAL DECIMAL CLASSIFICATION NUMBER
Universal Decimal Classification number 159.9
100 ## - MAIN ENTRY--PERSONAL NAME
Personal name Белопольская,Н.Л.
245 ## - TITLE STATEMENT
Title Психологичекская диагностика личности детей с задержкой психического развития.
250 ## - EDITION STATEMENT
Edition statement 2-е изд.испр.
260 ## - PUBLICATION, DISTRIBUTION, ETC.
Place of publication, distribution, etc. Москва
260 ## - PUBLICATION, DISTRIBUTION, ETC.
Name of publisher, distributor, etc. Когито-Центр.
260 ## - PUBLICATION, DISTRIBUTION, ETC.
Date of publication, distribution, etc. 2009.
300 ## - PHYSICAL DESCRIPTION
Extent 192стр,илл,21см.
300 ## - PHYSICAL DESCRIPTION
Accompanying material Библиогр:с.174-185
653 ## - INDEX TERM--UNCONTROLLED
Uncontrolled term Психологичекская диагностика личности детей с задержкой психического развития.
653 ## - INDEX TERM--UNCONTROLLED
Uncontrolled term ფსიქოლოგია
942 ## - ADDED ENTRY ELEMENTS (KOHA)
Koha item type წიგნი
ეგზემპლარები
Withdrawn status Lost status Damaged status Not for loan Date acquired Barcode Date last seen Price effective from Koha item type
        2018-12-17 35382 2018-12-17 2018-12-17 წიგნი
        2018-12-17 35383 2018-12-17 2018-12-17 წიგნი